LEADER 00966nam0 22002531i 450 001 RML0236494 005 20231121125703.0 100 $a20121121d1987 ||||0itac50 ba 101 | $aita 102 $ait 181 1$6z01$ai $bxxxe 182 1$6z01$an 200 1 $a˜La œmisurazione della performance dei centri di profitto$eCritica agli strumenti tradizionali e nuovi orientamenti d'indagine$fAngelo Riccaboni 210 $aPadova $dCedam. 1989 215 $axix,285 p.$d24 cm. 700 1$aRICCABONI$b, Angelo$3RMLV150939$0107392 801 3$aIT$bIT-01$c20121121 850 $aIT-FR0098 899 $aBiblioteca Area Giuridico Economica$bFR0098 912 $aRML0236494 950 0$aBiblioteca Area Giuridico Economica$d 53IMP 657/107$e 53VM 0000051465 VM barcode:0004430VM$fA $h19941121$i20121204 977 $a 53 996 $aMisurazione della performance dei centri di profitto$9197686 997 $aUNICAS